50 years since independence :where is Kenya? / (Record no. 4249)
| 000 -LEADER | |
|---|---|
| fixed length control field | 01091cam a2200325 i 4500 |
| 001 - CONTROL NUMBER | |
| control field | 18045567 |
| 003 - CONTROL NUMBER IDENTIFIER | |
| control field | OSt |
| 005 - DATE AND TIME OF LATEST TRANSACTION | |
| control field | 20201019125355.0 |
| 008 - FIXED-LENGTH DATA ELEMENTS--GENERAL INFORMATION | |
| fixed length control field | 140225s2013 ke a 000 0 eng |
| 010 ## - LIBRARY OF CONGRESS CONTROL NUMBER | |
| LC control number | 2013441529 |
| 020 ## - INTERNATIONAL STANDARD BOOK NUMBER | |
| International Standard Book Number | 9789966022110 |
| 040 ## - CATALOGING SOURCE | |
| Original cataloging agency | DLC |
| Language of cataloging | eng |
| Transcribing agency | DLC |
| Description conventions | rda |
| Modifying agency | DLC |
| 042 ## - AUTHENTICATION CODE | |
| Authentication code | lcode |
| -- | pcc |
| 043 ## - GEOGRAPHIC AREA CODE | |
| Geographic area code | f-ke--- |
| 050 00 - LIBRARY OF CONGRESS CALL NUMBER | |
| Classification number | DT433.557.A25 2013 |
| 245 00 - TITLE STATEMENT | |
| Title | 50 years since independence :where is Kenya? / |
| Statement of responsibility, etc | editor-in-chief, Susan Wakhungu-Githuku. |
| 246 30 - VARYING FORM OF TITLE | |
| Title proper/short title | Fifty years since independence |
| 246 30 - VARYING FORM OF TITLE | |
| Title proper/short title | Where is Kenya? |
| 260 ## - PUBLICATION, DISTRIBUTION, ETC. (IMPRINT) | |
| Place of publication, distribution, etc | Nairobi |
| Name of publisher, distributor, etc | Footprint Press |
| Date of publication, distribution, etc | 2013 |
| 300 ## - PHYSICAL DESCRIPTION | |
| Extent | 407 pages : |
| Other physical details | illustrations ; |
| Dimensions | 25 cm |
| 651 #0 - SUBJECT ADDED ENTRY--GEOGRAPHIC NAME | |
| Geographic name | Kenya |
| General subdivision | History. |
| 651 #0 - SUBJECT ADDED ENTRY--GEOGRAPHIC NAME | |
| Geographic name | Kenya |
| General subdivision | Social conditions. |
| 651 #0 - SUBJECT ADDED ENTRY--GEOGRAPHIC NAME | |
| Geographic name | Kenya |
| General subdivision | Economic conditions. |
| 651 #0 - SUBJECT ADDED ENTRY--GEOGRAPHIC NAME | |
| Geographic name | Kenya |
| General subdivision | Politics and government. |
| 700 1# - ADDED ENTRY--PERSONAL NAME | |
| Personal name | Wakhungu-Githuku, Susan, |
| Relator term | editor. |
| 856 41 - ELECTRONIC LOCATION AND ACCESS | |
| Materials specified | Table of contents only |
| Uniform Resource Identifier | <a href="https://www.loc.gov/catdir/toc/fy17pdf01/2013441529.html">https://www.loc.gov/catdir/toc/fy17pdf01/2013441529.html</a> |
| 906 ## - LOCAL DATA ELEMENT F, LDF (RLIN) | |
| a | 7 |
| b | cbc |
| c | origode |
| d | 3 |
| e | ncip |
| f | 20 |
| g | y-gencatlg |
| 942 ## - ADDED ENTRY ELEMENTS (KOHA) | |
| Source of classification or shelving scheme | |
| Koha item type | Book |
| Withdrawn status | Lost status | Source of classification or shelving scheme | Damaged status | Not for loan | Home library | Current library | Shelving location | Date acquired | Total Checkouts | Full call number | Barcode | Date last seen | Copy number | Price effective from | Koha item type | Date checked out |
|---|---|---|---|---|---|---|---|---|---|---|---|---|---|---|---|---|
| Riara University Library | Riara University Library | General stack | 19/10/2020 | DT433.557.A25 2013 | 10462/20 | 19/10/2020 | C.1 | 19/10/2020 | Book | |||||||
| Riara University Library | Riara University Library | General stack | 19/10/2020 | DT433.557.A25 2013 | 10463/20 | 19/10/2020 | C.2 | 19/10/2020 | Book | |||||||
| Riara University Library | Riara University Library | General stack | 19/10/2020 | DT433.557.A25 2013 | 10464/20 | 19/10/2020 | C.3 | 19/10/2020 | Book | |||||||
| Riara University Library | Riara University Library | General stack | 19/10/2020 | DT433.557.A25 2013 | 10465/20 | 19/10/2020 | C.4 | 19/10/2020 | Book | |||||||
| Riara University Library | Riara University Library | General stack | 19/10/2020 | 3 | DT433.557.A25 2013 | 10466/20 | 13/01/2025 | C.5 | 19/10/2020 | Book | 17/12/2024 |
